| 000 | 00529nam a2200217Ia 4500 | ||
|---|---|---|---|
| 003 | 0100 | ||
| 008 | 130227s9999 xx 000 0 und d | ||
| 040 | _cARRUPELIB | ||
| 050 | _aP27.S33 | ||
| 100 | _aSapir, Edward | ||
| 245 | _aCulture, language and personality | ||
| 245 | _bselected essays | ||
| 260 | _aBerkeley | ||
| 260 | _bUniversity of California Press | ||
| 260 | _C1964 | ||
| 300 | _aix | ||
| 300 | _b 207p 18cm | ||
| 650 | _bShaw, George Bernard | ||
| 700 | _aMandelbaum, David Goodman (ed) | ||
| 942 |
_2lcc _02 |
||
| 999 |
_c32 _d32 |
||